书目信息 |
| 题名: |
向量分析原理及题解
|
|
| 作者: | M.R.施皮格尔 著 ;骆傅孝 译 | |
| 分册: | ||
| 出版信息: | 北京 晓园出版社 1993 |
|
| 页数: | 277页 | |
| 开本: | 26cm | |
| 丛书名: | 休姆斯题解丛书 | |
| 单 册: | ||
| 中图分类: | O183.1 | |
| 科图分类: | ||
| 主题词: | 几何 , 拓扑 | |
| 电子资源: | ||
| ISBN: | 7-5062-1640-X | |
| 000 | 00696nam0 2200229 450 | |
| 001 | 0732828906 | |
| 005 | 20070903090708.90 | |
| 010 | @a7-5062-1640-X@d¥10.90 | |
| 100 | @a20070903d km y0chiy0120 ea | |
| 101 | 0 | @achi |
| 200 | 1 | @a向量分析原理及题解@Axiang liang fen xi yuan li ji ti jie@fM.R.施皮格尔著@FM.R.shi pi ge er zhu@g骆傅孝译@Gluo fu xiao yi |
| 210 | @a北京@c晓园出版社@d1993 | |
| 215 | @a277页@d26cm | |
| 225 | 2 | @a休姆斯题解丛书 |
| 410 | 0 | @12001 @a休姆斯题解丛书 |
| 606 | 0 | @a几何 |
| 606 | 0 | @a拓扑 |
| 690 | @aO183.1@v3 | |
| 701 | 0 | @aM.R.施皮格尔@AM.R.shi pi ge er@4著 |
| 702 | 0 | @a骆傅孝@Aluo fu xiao@4译 |
| 801 | 0 | @aCN@bPFT@c20070903 |
| 905 | @a213230@dO183.1@eS96@f1 | |
| 向量分析原理及题解/M.R.施皮格尔著/骆傅孝译.-北京:晓园出版社,1993 |
| 277页;26cm.-(休姆斯题解丛书) |
| ISBN 7-5062-1640-X:¥10.90 |
| ● |
| 相关链接 |
|
|
|
|
正题名:向量分析原理及题解
索取号:O183.1/S96
 
预约/预借
| 序号 | 登录号 | 条形码 | 馆藏地/架位号 | 状态 | 备注 |
| 1 | 6702849 | 267028496 | 密集书库-数信学院/ [索取号:O183.1/S96] | 在馆 | |
| 2 | 6702850 | 267028502 | 密集书库-数信学院/ [索取号:O183.1/S96] | 在馆 |